ロード中...

Manninte maaril /

書誌詳細
第一著者: Cherukaad
フォーマット: Printed Book
言語:Malayalam
出版事項: 1981.
主題:
LEADER 00452nam a2200145Ia 4500
008 121027s9999 xx 000 0 mal d
999 |c 65054  |d 65054 
082 |a 853.193 
100 |a Cherukaad. 
245 |a Manninte maaril /  |c Cherukaad 
260 |c 1981. 
300 |a 156p.  |c 18cm. 
650 |a Malayalam fiction 
942 |c BK 
952 |0 0  |1 0  |4 0  |6 853_195000000000000_MAN_M  |7 0  |9 65031  |a UL  |b UL  |c ST1  |d 2012-10-27  |l 27  |m 4  |o 853.195 MAN M  |p G3912  |r 2020-09-11  |s 2020-08-21  |y BK